HISTORICAL REFLECTION OF SELECTED WOMEN,S INVOLVEMENT IN THE STRUGGLE FOR KENYA 'S INDEPENDENCE '1920-1963 (Record no. 215991)

MARC details
000 -LEADER
fixed length control field 00430nam a22001337a 4500
008 - FIXED-LENGTH DATA ELEMENTS--GENERAL INFORMATION
fixed length control field 250807b |||||||| |||| 00| 0 eng d
050 ## - LIBRARY OF CONGRESS CALL NUMBER
Classification number THE:DT 433.75.O84 2017
100 ## - MAIN ENTRY--PERSONAL NAME
Personal name OGAMBA ZACHARY OTEKI
245 ## - TITLE STATEMENT
Title HISTORICAL REFLECTION OF SELECTED WOMEN,S INVOLVEMENT IN THE STRUGGLE FOR KENYA 'S INDEPENDENCE '1920-1963
260 ## - PUBLICATION, DISTRIBUTION, ETC.
Place of publication, distribution, etc. KENYA
Name of publisher, distributor, etc. KISII UNIVERSITY
Date of publication, distribution, etc. 2017
300 ## - PHYSICAL DESCRIPTION
Extent X,86
942 ## - ADDED ENTRY ELEMENTS (KOHA)
Source of classification or shelving scheme Library of Congress Classification
Koha item type Reference
Holdings
Withdrawn status Lost status Source of classification or shelving scheme Damaged status Not for loan Collection Home library Current library Shelving location Date acquired Inventory number Total checkouts Full call number Barcode Date last seen Copy number Price effective from Koha item type
    Library of Congress Classification     Special Research Kisii University Library Kisii University Library On Display 08/07/2025 108004   THE:DT 433.75.O84 2017 000000023826 08/07/2025 2 08/07/2025 Reference